Athletics by Picture - Shot put - Statistics

General Stats
  • This quiz has been taken 12 times
  • The average score is 5 of 20
Answer Stats
Picture Hint Answer % Correct
USA - WR holder, Olympic champion 2016, 2020 & 2024 Ryan Crouser
100%
USA - World champion 2015 & 2019 Joe Kovacs
67%
NZL - Olympic champion 2008 & 2012, World champion 2007, 2009, 2011 & 2013 Valerie Adams
50%
GER - World champion 2011 & 2013 David Storl
42%
NZL - World champion 2017 Tom Walsh
42%
USA - World champion 2022 & 2023 Chase Ealey
25%
CHN - Olympic champion 2020, World champion 2017 & 2019 Gong Lijiao
25%
USA - Olympic champion 1996 Randy Barnes
25%
GER - Olympic champion 2024 Yemisi Ogunleye
25%
USA - Olympic champion 2004 Adam Nelson
17%
USA - World champion 1995, 1997 & 2001 John Godina
17%
USA - Olympic champion 2016 Michelle Carter
17%
URS - WR holder, Olympic champion 1988, World champion 1987 Nataliya Lisovskaya
17%
SUI - Olympic champion 1987, 1989 & 1991 Werner Günthör
17%
GER - Olympic champion 1996, World champion 1995, 1997 & 1999 Astrid Kumbernuss
8%
GER - World champion 2015 Christina Schwanitz
8%
POL - Olympic champion 2008 & 2012 Tomasz Majewski
8%
GDR - Olympic champion 1988 Ulf Timmermann
8%
RUS - Olympic champion 2000, World champion 2003 Svetlana Krivelyova
0%
BLR - Olympic champion 2000, World champion 2001 Yanina Karolchyk
0%
No matching quizzes found
Score Distribution
Percent of People with Each Score
Percentile by Number Answered
Your Score History
You have not taken this quiz